000
002550000a22000970004500
100
1
_a
Canclini, Arnoldo
245
1
0
_a
Luz bíblica sobre las crisis
300
_a
Vol. 46, Núm 196 (1991), Páginas 10-11
773
0
_t
La Biblia de las Américas
942
_c
ANA
999
_c
51321
_d
51321